000
00334nam a22001457a 4500
008
210311b ||||| |||| 00| 0 eng d
020
_a
9780673522559
041
_a
eng
080
_2
4th
_a
572
082
_2
4th
_a
572
100
_a
24
101
_a
ANT
245
_a
Contemporary Cultural Anthropology
_c
Howard,C.M
942
_2
udc
_c
BK
999
_c
56343
_d
56343